| 000 | 01168nam a22002297a 4500 | ||
|---|---|---|---|
| 003 | BD-DhJNU | ||
| 005 | 20260511044343.0 | ||
| 008 | 260511b |||||||| |||| 00| 0 eng d | ||
| 020 | _a9789393833150 | ||
| 040 |
_aBD-DhJNU _bBEN _cBD-DhJNU _dBD-DhJNU |
||
| 082 |
_223 _a954.1 |
||
| 100 | _aচট্টোপাধ্যায়, অশোক | ||
| 242 |
_aThe story of the landlords of Bengal and their oppression / _cAshok Chatterjee |
||
| 245 |
_aবাংলার জমিদার ও তাহাদের অত্যাচারের কথা / _cঅশোক চট্টোপাধ্যায় |
||
| 260 |
_aকলকাতা : _bখড়ি প্রকাশনী, _c2023. |
||
| 300 |
_a২৭২ পৃ. : _c২২ সেমি.। |
||
| 504 | _aগ্রন্থপঞ্জিগত নির্দেশিকা ও নিঘন্ট অন্তভূক্ত | ||
| 650 | _aজমিদারদের অনাচার | ||
| 650 | _aবাংলার সামাজিক ইতিহাস (Social History of Bengal) | ||
| 650 | _aকৃষক আন্দোলন ও শোষণ - বাংলা | ||
| 942 |
_2ddc _cBK _n0 |
||
| 999 |
_c2777 _d2777 |
||